Total improvement management : (Record no. 372)

MARC details
000 -LEADER
fixed length control field 00605nam a2200193 a 4500
001 - CONTROL NUMBER
control field 372
005 - DATE AND TIME OF LATEST TRANSACTION
control field 20221127085925.0
008 - FIXED-LENGTH DATA ELEMENTS--GENERAL INFORMATION
fixed length control field 050920s lxxua | 00100|eng d
020 ## - INTERNATIONAL STANDARD BOOK NUMBER
International Standard Book Number 0070267707 :
Terms of availability SR132.00
035 ## - SYSTEM CONTROL NUMBER
System control number 385
082 04 - DEWEY DECIMAL CLASSIFICATION NUMBER
Classification number 658
Item number H238 1995
100 1# - MAIN ENTRY--PERSONAL NAME
Personal name Harrington, H. James
245 10 - TITLE STATEMENT
Title Total improvement management :
Remainder of title the next generation in performance improvement /
Statement of responsibility, etc. H. Harrington.
260 ## - PUBLICATION, DISTRIBUTION, ETC.
Place of publication, distribution, etc. New York :
Name of publisher, distributor, etc. McGraw-Hill,
Date of publication, distribution, etc. 1995.
300 ## - PHYSICAL DESCRIPTION
Extent xviii, 488 p. :
Other physical details ill. ;
Dimensions 25 cm.
504 ## - BIBLIOGRAPHY, ETC. NOTE
Bibliography, etc. note Includes bibl. references and index.
650 #4 - SUBJECT ADDED ENTRY--TOPICAL TERM
Topical term or geographic name entry element Industrial management.
650 #4 - SUBJECT ADDED ENTRY--TOPICAL TERM
Topical term or geographic name entry element Management.
Holdings
Withdrawn status Lost status Source of classification or shelving scheme Damaged status Not for loan Home library Current library Date acquired Total Checkouts Full call number Barcode Date last seen Copy number Price effective from Koha item type
          CENTRAL CENTRAL 11/27/2022   658 H238 1995 1000000000247 11/27/2022 C1 11/27/2022 Book
    Dewey Decimal Classification     KHOBAR KHOBAR 11/27/2022   658 H238 1995 1000000000246 11/27/2022 C2 11/27/2022 Book